Najnovšie trendy v Embedded Value

European Embedded Value Principles. Ohodnocovanie finančných opcií a garancií. Riziková diskontná miera. Požadovaný kapitál. Ma prahu Market Consistent Embedded Value.

Guardado en:
Detalles Bibliográficos
Autor principal: Koma, Jozef
Formato: Capítulo de libro
Lenguaje:eslovaco
Materias:
Etiquetas: Agregar Etiqueta
Sin Etiquetas, Sea el primero en etiquetar este registro!

MARC

LEADER 00000naa$a2200000$$$4500
001 0051150
005 20231107122208.7
041 0 |a slo 
044 |a SK 
245 1 0 |a Najnovšie trendy v Embedded Value  |c Jozef Koma 
520 |a European Embedded Value Principles. Ohodnocovanie finančných opcií a garancií. Riziková diskontná miera. Požadovaný kapitál. Ma prahu Market Consistent Embedded Value. 
610 2 0 |a poisťovne 
610 2 0 |a riziko trhové 
610 2 0 |a riziko poistné 
610 2 0 |a hodnota 
610 2 0 |a hodnota poistná 
100 1 |a Koma, Jozef